| 000 | 00726cab a2200229 4500 | ||
|---|---|---|---|
| 001 | X89817 | ||
| 008 | 090401t1998 xxu||||| |||| 00| 0 eng d | ||
| 035 | _a(Sirsi) u84263 | ||
| 041 | _aeng | ||
| 245 | _aRohan v Cunningham | ||
| 260 | _c1998 | ||
| 350 | _a0 | ||
| 490 |
_aNew Property Cases _v[1998] NPC 14(3) |
||
| 520 | _aCA 20 January 1998. Insurance - whether damage to property caused by an insured peril - meaning of `flood` in the context of household insurance policy. HEADNOTE FROM JOURNAL - DO NOT PHOTOCOPY. | ||
| 650 | _aFLOOD DAMAGE | ||
| 650 | _aHOUSEHOLD INSURANCE | ||
| 650 | _aINSURANCE POLICY | ||
| 650 |
_aInsurance _96249 |
||
| 690 | _aINSURANCE-CASE LAW | ||
| 942 | _n0 | ||
| 948 | _c16/02/1998 | ||
| 999 |
_c52947 _d52947 |
||